[Event "ENG"]
[Site "?"]
[Date "1973.??.??"]
[Round "?"]
[White "Botterill, George Steven"]
[Black "Basman, Michael J"]
[Result "0-1"]
[WhiteElo "2410"]
[BlackElo "2385"]

1. e4 c5 2. Nf3 e6 3. d4 cxd4 4. Nxd4 Bc5 5. Be3 Qb6 6. Nc3 Nc6 7. Na4 Qa5+
8. c3 Bxd4 9. Bxd4 Nxd4 10. Qxd4 Nf6 11. e5 Nd5 12. Nc5 O-O 13. Bc4 Ne7 14.
Bd3 Nc6 15. Qe3 b6 16. Qe4 g6 17. b4 Qa3 18. Nb3 Bb7 19. Qe2 a5 20. b5 Ne7
21. O-O a4 22. Nd2 Qxc3 23. Rac1 Qd4 24. Rc4 Qd5 25. Nf3 Qxb5 26. Ng5 f5
27. Rd1 Qd5 28. Be4 Qxe5 29. Rxd7 fxe4 30. Rxe7 Ba6 31. Nxh7 Qa1+ 0-1

[Event "BCF-ch"]
[Site "Eastbourne"]
[Date "1973.08.??"]
[Round "9"]
[White "Botterill, George Steven"]
[Black "Basman, Michael J"]
[Result "0-1"]
[WhiteElo "2410"]
[BlackElo "2385"]

1. e4 c5 2. Nf3 e6 3. d4 cxd4 4. Nxd4 Bc5 5. Nb3 Bb6 6. Nc3 Ne7 7. Bg5 O-O
8. Be2 f5 9. exf5 Bxf2+ 10. Kxf2 Rxf5+ 11. Bf3 Rxg5 12. Re1 Nbc6 13. Kg1 d5
14. Qd2 Re5 15. Nc5 Nf5 16. Bg4 Qd6 17. Nd3 Rxe1+ 18. Rxe1 Ncd4 19. Nd1 Nh6
20. Bh3 Nf7 21. c3 Nc6 22. Nf4 Ng5 23. Bg4 Ne5 24. Nf2 Ngf7 25. Qe3 Bd7 26.
N4d3 Nxg4 27. Nxg4 b6 28. Rf1 Rf8 29. Rf3 Bb5 30. Rg3 Bxd3 31. Qxd3 Ne5 32.
Nxe5 Qxe5 33. Re3 Qd6 34. Qe2 Rf6 35. h3 g6 36. b4 Kf7 37. Qa6 Qc7 38. Qd3
Rf5 39. a4 Qc6 40. Qd4 Kg8 41. Re5 Rf6 42. b5 Qd6 43. c4 Rf5 44. Rxf5 gxf5
45. cxd5 Qxd5 46. Qf4 Qd7 47. h4 Kf7 48. Kh2 Ke7 49. g3 Kf7 50. Qb8 Kf6 51.
Qh8+ Qg7 52. Qb8 Kg6 53. Qe8+ Qf7 54. Qb8 Kh5 55. Qe5 Kg6 56. Qb8 h6 57.
Kh3 Kf6 58. Qf4 Qg7 59. Qd4+ Kg6 60. Qd6 Qf6 61. Qb8 Qf7 62. Qd6 Kf6 63.
Qf4 Qh5 64. Qd4+ Kg6 65. Qe5 Qg4+ 66. Kh2 Qc4 67. Qd6 Qa2+ 68. Kh3 Qd5 69.
Qc6 Kf6 70. Qc1 Kg6 71. Qc6 h5 72. Qc1 Qf3 73. Qc6 Qg4+ 74. Kh2 f4 75. Qe4+
Qf5 76. Qf3 fxg3+ 77. Qxg3+ Qg4 0-1

[Event "BCF-ch playoff m"]
[Site "London"]
[Date "1974.??.??"]
[Round "1"]
[White "Hartston, William R"]
[Black "Basman, Michael J"]
[Result "0-1"]
[WhiteElo "2470"]
[BlackElo "2375"]

1. e4 c5 2. Nf3 e6 3. d4 cxd4 4. Nxd4 Bc5 5. Be3 Qb6 6. Nc3 Nc6 7. Ndb5
Bxe3 8. fxe3 Qxe3+ 9. Be2 Kf8 10. Rf1 Nge7 11. a4 Ng6 12. Rf2 Nge5 13. Kf1
h5 14. h3 h4 15. Ra3 Qc5 16. a5 Rh6 17. Qd2 Qb4 18. Ra4 Qc5 19. Nd6 f6 20.
Ncb5 Nf7 21. Nxf7 Kxf7 22. Ra3 Ke7 23. Rd3 b6 24. Nd6 Ne5 25. Rd4 Qxa5 26.
b4 Qa1+ 27. Bd1 Qb2 28. b5 a5 29. Kg1 Rg6 30. Ra4 Rg3 31. Nf5+ exf5 32. Qd5
Ra7 33. Rd2 Kf8 34. exf5 Qc3 35. Rxh4 Nf7 36. Kh2 Bb7 37. Qxd7 Qxd2 38.
Qxd2 Rxg2+ 39. Qxg2 Bxg2 40. Kxg2 a4 41. Rb4 a3 42. Rb1 Nd6 43. Be2 Nxf5
44. Bd3 Nd4 45. Kf2 Ke7 46. Ke3 Ne6 47. Bc4 Nc5 48. Ba2 Ra4 49. Kf3 Rd4 50.
Re1+ Kd7 51. Re3 Ra4 52. Kg2 Kd6 53. Kf3 g5 54. c4 f5 55. h4 gxh4 56. Kf4
Rb4 57. Kxf5 Rb2 58. Rxa3 h3 59. Rxh3 Rf2+ 60. Kg4 Rxa2 61. Rh6+ Ne6 62.
Kf5 Re2 63. Rh8 Rf2+ 0-1

[Event "Buenos Aires ol (Women) fin-B"]
[Site "Buenos Aires"]
[Date "1978.10.??"]
[Round "4"]
[White "Van der Mije, Alexandra"]
[Black "Lebel Arias, Julia"]
[Result "1-0"]
[WhiteElo "2270"]
[BlackElo "1980"]

1. e4 c5 2. Nf3 e6 3. d4 cxd4 4. Nxd4 Bc5 5. Nb3 Bb6 6. Bd3 Ne7 7. O-O O-O
8. c4 f5 9. c5 Bc7 10. f4 fxe4 11. Bxe4 Nbc6 12. Nc3 a6 13. Rf3 Nf5 14. Rh3
g6 15. Ne2 Qf6 16. g4 Ng7 17. Bd2 Qe7 18. Qc2 Qf7 19. Rf1 Ne7 20. Qd3 Rb8
21. Nbd4 Nd5 22. Rff3 Nf6 23. Rh4 Nxe4 24. Qxe4 Ne8 25. Rfh3 Nf6 26. Qd3 e5
27. fxe5 Bxe5 28. Nf3 Nxg4 29. Rxh7 Qf5 30. Qxf5 Rxf5 31. Nxe5 Nxe5 32. Nd4
Rh5 33. R7xh5 gxh5 34. Bf4 d6 35. Rxh5 Bd7 36. cxd6 Nd3 37. Bg3 Nxb2 38.
Be5 Rc8 39. Rh8+ Kf7 40. Rh7+ Ke8 41. Re7+ Kd8 42. Bf6 Rc1+ 43. Re1+ 1-0

[Event "Regency Masters B"]
[Site "Ramsgate"]
[Date "1979.??.??"]
[Round "8"]
[White "Povah, Nigel E"]
[Black "Basman, Michael J"]
[Result "1/2-1/2"]
[WhiteElo "2325"]
[BlackElo "2405"]

1. e4 c5 2. Nf3 e6 3. d4 cxd4 4. Nxd4 Bc5 5. Nb3 Bb6 6. Nc3 Ne7 7. Bf4 Nbc6
8. Bd6 O-O 9. f4 f5 10. e5 g5 11. fxg5 Ng6 12. Qd2 Ncxe5 13. Be2 Nf7 14.
Bxf8 Kxf8 15. h4 Bc7 16. Qe3 Bf4 17. Qf2 Qb6 18. Qxb6 axb6 19. Kf2 d5 20.
a4 Nd6 21. Nd4 Bd7 22. Bb5 Ke7 23. Rhe1 Be5 24. Rad1 Bxb5 25. Ndxb5 Ne4+
26. Nxe4 fxe4 27. h5 Nf4 28. Rh1 Rf8 29. Ke3 Nxg2+ 30. Ke2 Rg8 31. Rdg1
Rxg5 32. Kf2 e3+ 33. Kf1 e2+ 34. Kxe2 Nf4+ 35. Kd1 Rf5 36. h6 Ng6 37. Rg2
Bf6 38. c3 e5 39. Nc7 e4 40. Rd2 Nf4 41. Rf1 Be5 42. Rxf4 Bxf4 43. Nxd5+
Ke6 44. Nxf4+ Rxf4 45. Ke2 Rh4 46. Ke3 Ke5 47. Rd7 Rh3+ 48. Ke2 1/2-1/2

[Event "Wiesbaden"]
[Site "Wiesbaden"]
[Date "1981.07.??"]
[Round "?"]
[White "Westerinen, Heikki MJ"]
[Black "Koch, Robert"]
[Result "1-0"]
[WhiteElo "2425"]
[BlackElo "2200"]

1. e4 c5 2. Nf3 e6 3. d4 cxd4 4. Nxd4 Bc5 5. Nb3 Bb6 6. Nc3 Ne7 7. Bf4 O-O
8. Bd6 Nbc6 9. Qd2 f5 10. O-O-O fxe4 11. Nxe4 Rf5 12. c4 Ne5 13. c5 Bc7 14.
Nd4 Rf8 15. Bxe5 Bxe5 16. Nxe6 1-0

[Event "Charlton op"]
[Site "Charlton"]
[Date "1983.??.??"]
[Round "2"]
[White "Britton, Richard"]
[Black "Plaskett, Jim"]
[Result "1-0"]
[WhiteElo "2330"]
[BlackElo "2440"]

1. e4 c5 2. Nf3 e6 3. d4 cxd4 4. Nxd4 Bc5 5. Nb3 Bb6 6. Bd3 Ne7 7. Nc3 O-O
8. Qe2 d5 9. e5 Nbc6 10. Bf4 f6 11. exf6 Rxf6 12. Bg3 Nf5 13. O-O-O Bd7 14.
Kb1 Nxg3 15. hxg3 h6 16. f3 Qc7 17. g4 Qe5 18. Qf1 Raf8 19. Rh5 Qf4 20. g5
hxg5 21. Qh1 Kf7 22. Ne2 Qe3 23. Rh7 Rg8 24. Ng3 Qe5 25. Nh5 Rh6 26. g3
Rxh7 27. Bxh7 Rh8 28. f4 Qd6 29. Bd3 gxf4 30. gxf4 Rh6 31. Qg2 g6 32. Qg5
Qf8 33. Nf6 Bd8 34. Nxd7 Bxg5 35. Nxf8 Bxf4 36. Nxg6 Rxg6 37. Bxg6+ Kxg6
38. Nc5 Nd8 39. c4 Be3 40. Nb3 dxc4 41. Na5 Bg5 42. Nxc4 Kf5 43. Nd6+ Ke5
44. Kc2 Bf6 45. b3 Bh4 46. a4 a6 47. a5 Kf6 48. b4 e5 49. b5 e4 50. Nxb7 e3
51. bxa6 Nc6 52. Kd3 1-0

[Event "NOR-ch"]
[Site "Oslo"]
[Date "1984.??.??"]
[Round "1"]
[White "Vinje Gulbrandsen, Arne"]
[Black "Haugli, Petter"]
[Result "1/2-1/2"]
[WhiteElo "2450"]
[BlackElo "2275"]

1. e4 c5 2. Nf3 e6 3. d4 cxd4 4. Nxd4 Bc5 5. Nb3 Bb6 6. Nc3 Ne7 7. g3 O-O
8. Bg2 Nbc6 9. O-O f5 10. Bg5 h6 11. Bxe7 Qxe7 12. exf5 Rxf5 13. Na4 Bc7
14. c4 Rb8 15. Rc1 Rf7 16. Qe2 b6 17. Nc3 a6 18. Rfe1 Bb7 19. Rcd1 b5 20.
c5 a5 21. Ne4 a4 22. Nc1 Ne5 23. b4 axb3 24. Nxb3 Bc6 25. f4 Nc4 26. Nc3
Bxg2 27. Kxg2 Na5 28. Ne4 Nxb3 29. axb3 Ba5 30. Rf1 Bb4 31. Rc1 Rf5 1/2-1/2

[Event "Oakham YM"]
[Site "Oakham"]
[Date "1988.03.??"]
[Round "?"]
[White "Gdanski, Jacek"]
[Black "Plaskett, Jim"]
[Result "1-0"]
[WhiteElo "2355"]
[BlackElo "2465"]

1. e4 c5 2. Nf3 e6 3. d4 cxd4 4. Nxd4 Bc5 5. Nb3 Bb6 6. Nc3 Ne7 7. Bf4 d5
8. exd5 exd5 9. Bb5+ Nbc6 10. O-O O-O 11. Na4 Ng6 12. Bg3 Nce7 13. Kh1 f5
14. f4 Bc7 15. Nc3 Qd6 16. Nd4 a6 17. Be2 Bd7 18. Qd2 Rad8 19. Rad1 Kh8 20.
Bh5 Bc8 21. a3 Qf6 22. Nce2 Rfe8 23. Ng1 Nc6 24. Ngf3 Re4 25. Nxc6 bxc6 26.
Bxg6 Qxg6 27. Ne5 Qf6 28. Qf2 h6 29. Qa7 Bxe5 30. fxe5 Qg5 31. Rde1 Rxe1
32. Bxe1 d4 33. Bb4 Re8 34. Qxd4 c5 35. Qxc5 Bb7 36. Rg1 f4 37. Bd2 Qg4 38.
Qf2 f3 39. h3 Qh5 40. Bc3 Rf8 41. Kh2 Qe8 42. g3 Bc8 43. h4 Qd7 44. Re1
Qh3+ 45. Kg1 Be6 46. Rd1 g5 47. hxg5 hxg5 48. Be1 Kg7 49. Rd2 Rh8 50. Qxf3
Rf8 51. Qg2 Qh5 52. Rf2 Rd8 53. Qf3 Qxf3 54. Rxf3 Rd1 55. Kf2 Rc1 56. Rc3
Bf5 57. Bd2 Rb1 58. b4 Rb2 59. Bxg5 Rxc2+ 60. Rxc2 Bxc2 61. e6 1-0

[Event "Aarhus op"]
[Site "Aarhus"]
[Date "1989.??.??"]
[Round "5"]
[White "Christensen, J"]
[Black "Haugli, Petter"]
[Result "0-1"]
[WhiteElo "2255"]
[BlackElo "2380"]

1. e4 c5 2. Nf3 e6 3. d4 cxd4 4. Nxd4 Bc5 5. Nb3 Bb6 6. Nc3 Ne7 7. Qg4 O-O
8. Bg5 f6 9. Bh4 Nbc6 10. O-O-O Ng6 11. Bg3 f5 12. exf5 Rxf5 13. h4 d5 14.
Bd3 Nge5 15. Bxf5 Nxg4 16. Bxg4 Qf6 17. Kb1 d4 18. Ne4 Qg6 19. Bf3 e5 20.
h5 Qh6 21. Bh2 Bf5 22. g4 Bxe4 23. Bxe4 Re8 24. Nd2 Bd8 25. Nf3 Bg5 26. Bg3
Bf4 27. Bh4 Qe6 28. a3 b5 29. Rd3 b4 30. Ng5 Bxg5 31. Bxg5 Rb8 32. Re1 Qd6
33. Bxc6 Qxc6 34. Rxe5 h6 35. Bf4 Rb7 36. g5 Qh1+ 37. Ka2 hxg5 38. Rxg5
bxa3 39. Rxa3 Kh7 40. Re5 Qc6 41. Kb1 Rf7 42. Bg3 Qh1+ 43. Ka2 Rc7 44. Rg5
Re7 45. Raa5 Qc1 46. Rac5 Rb7 47. b3 d3 48. cxd3 Qd2+ 0-1

[Event "Lugano op"]
[Site "Lugano"]
[Date "1989.03.??"]
[Round "3"]
[White "Sibarevic, Milenko"]
[Black "Welling, Gerard"]
[Result "1-0"]
[WhiteElo "2365"]
[BlackElo "2345"]

1. e4 c5 2. Nf3 e6 3. d4 cxd4 4. Nxd4 Bc5 5. Nb3 Bb6 6. Nc3 Ne7 7. Bg5 f6
8. Bh4 O-O 9. Qh5 Nbc6 10. O-O-O Ne5 11. Bg3 N7g6 12. Kb1 f5 13. f4 Nc6 14.
Bc4 Qf6 15. e5 Qe7 16. Nb5 a6 17. Nd6 Kh8 18. h4 Na5 19. Nxa5 1-0

[Event "NOR-ch"]
[Site "Norway"]
[Date "1990.??.??"]
[Round "7"]
[White "Elseth, Roar"]
[Black "Scholseth, Tor Kristian"]
[Result "1-0"]
[WhiteElo "2330"]
[BlackElo "2305"]

1. e4 c5 2. Nf3 e6 3. d4 cxd4 4. Nxd4 Bc5 5. Nb3 Bb6 6. Nc3 Ne7 7. Bf4 O-O
8. Bd6 f5 9. Be2 Nbc6 10. O-O f4 11. a4 Ng6 12. Bxf8 Qxf8 13. a5 Bc7 14.
Nb5 Bb8 15. N5d4 Qf6 16. c3 Bc7 17. Nb5 Bb8 18. N5d4 Bc7 19. a6 Nce5 20.
Nd2 bxa6 21. Bxa6 Bb6 22. Bxc8 Rxc8 23. N2f3 Rf8 24. Nxe5 Nxe5 25. Nf3 Rf7
26. Qe2 g5 27. Rad1 Rg7 28. Nxe5 Qxe5 29. Qh5 Kf8 30. Rfe1 Qf6 31. h3 Qe5
32. Rd3 Qb5 33. Rd2 Rf7 34. h4 Rg7 35. Qh6 g4 36. Qxf4+ Rf7 37. Qxg4 1-0

[Event "FRA-chT"]
[Site "France"]
[Date "1991.??.??"]
[Round "?"]
[White "Sellos, Didier"]
[Black "Canonne, Antoine"]
[Result "1-0"]
[WhiteElo "2430"]
[BlackElo "2245"]

1. e4 c5 2. Nf3 e6 3. d4 cxd4 4. Nxd4 Bc5 5. Nb3 Bb6 6. Bd3 Ne7 7. O-O O-O
8. c4 f5 9. c5 Bc7 10. f4 b6 11. Be3 Bb7 12. Nc3 fxe4 13. Bxe4 Bxe4 14.
Nxe4 Nd5 15. Qd2 Nc6 16. g3 Nxe3 17. Qxe3 Qe7 18. Kg2 g6 19. Rad1 Qg7 20.
Qc3 Rad8 21. Qxg7+ Kxg7 22. Nc3 Rf5 23. Nb5 Bb8 24. N5d4 Rd5 25. Nc2 Rxd1
26. Rxd1 Kf6 27. Ne3 bxc5 28. Nxc5 d5 29. Rc1 Rc8 30. Nd7+ Ke7 31. Nxb8
Rxb8 32. Rxc6 Rxb2+ 33. Rc2 Rb7 34. Ng4 Kd6 35. Re2 d4 36. Nf2 a5 37. Kf3
a4 38. Ke4 Rb4 39. Nd3 Rc4 40. Rb2 a3 41. Rb6+ Kc7 42. Ra6 Rc2 43. Rxa3
Rxh2 44. Kxd4 h5 45. Ne5 h4 46. Nf3 1-0

[Event "GRE-ch"]
[Site "Liosia"]
[Date "1991.??.??"]
[Round "?"]
[White "Kotronias, Vasilios"]
[Black "Martidis, Alkis"]
[Result "1-0"]
[WhiteElo "2520"]
[BlackElo "2355"]

1. e4 c5 2. Nf3 e6 3. d4 cxd4 4. Nxd4 Bc5 5. Nb3 Bb6 6. Nc3 Ne7 7. Bg5 Nbc6
8. Qd2 O-O 9. Bc4 f6 10. Be3 f5 11. Bxb6 Qxb6 12. exf5 Nxf5 13. O-O Ne5 14.
Bd3 Nxd3 15. Qxd3 d5 16. Rae1 Bd7 17. Re5 Rf6 18. Rfe1 Raf8 19. Nd1 a5 20.
a3 a4 21. Nc1 Nd6 22. Qe3 Qc7 23. Qd3 Ne4 24. R5xe4 dxe4 25. Qxe4 Qc5 26.
Re2 Bc6 27. Qe5 Qc4 28. Ne3 Qh4 29. Nd3 Rg6 30. f4 Qd8 31. h3 Qb6 32. Kh2
Qb5 33. Ng4 h5 34. Qxb5 Bxb5 35. Nge5 Rh6 36. Re4 h4 37. Rb4 Bc6 38. Nxc6
bxc6 39. Rxa4 Rhf6 40. Rc4 Rc8 41. a4 Rf5 42. b4 Kf8 43. b5 Ke7 44. Ne5 Kd6
45. b6 c5 46. a5 Rb8 47. Ra4 g5 48. a6 gxf4 49. a7 Rff8 50. Rxf4 Rg8 51.
axb8=Q+ 1-0

[Event "FRA-chT"]
[Site "France"]
[Date "1991.??.??"]
[Round "?"]
[White "Degraeve, Jean Marc"]
[Black "Canonne, Antoine"]
[Result "1-0"]
[WhiteElo "2450"]
[BlackElo "2245"]

1. e4 c5 2. Nf3 e6 3. d4 cxd4 4. Nxd4 Bc5 5. Nb3 Bb6 6. Nc3 Ne7 7. Bg5 f6
8. Bh4 O-O 9. Bd3 Nbc6 10. O-O Ne5 11. Be2 N5g6 12. Bg3 f5 13. Bd6 f4 14.
Nd2 a6 15. Nf3 Bc7 16. Qd2 h6 17. Rfd1 Rf7 18. Na4 Nc6 19. c4 b6 20. c5 b5
21. Bxc7 Qxc7 22. Nb6 Rb8 23. a4 Nce5 24. axb5 axb5 25. Nxe5 Nxe5 26. Qd6
Qxd6 27. Rxd6 Bb7 28. Bxb5 Bxe4 29. Re1 Bc6 30. Bxc6 Nxc6 31. f3 Rb7 32.
Re4 Ra7 33. h3 Nb8 34. Ra4 Rxa4 35. Nxa4 Kf8 36. b4 Ke7 37. b5 Rf8 38. Rb6
Rc8 39. Rb7 Kf6 40. Nb6 Rxc5 41. Rxb8 Rc1+ 42. Kh2 d5 43. Nd7+ Ke7 44. Ne5
Kd6 45. Nd3 Rc4 46. b6 g5 47. Rh8 Rc3 48. b7 1-0

[Event "Schoeneck"]
[Site "Schoeneck"]
[Date "1992.??.??"]
[Round "4"]
[White "Schulz, J"]
[Black "Mueller, A"]
[Result "1-0"]
[WhiteElo "2250"]
[BlackElo "2260"]

1. Nf3 c5 2. e4 e6 3. d4 cxd4 4. Nxd4 Bc5 5. Nb3 Bb6 6. Nc3 Ne7 7. Bf4 Nbc6
8. Qd2 O-O 9. O-O-O f5 10. f3 a5 11. a4 Kh8 12. Kb1 Nb4 13. Bd6 fxe4 14.
Qg5 Nf5 15. Qxd8 Rxd8 16. Nxe4 Kg8 17. Bb5 Nd5 18. g4 Nxd6 19. Nxd6 Kf8 20.
c4 Nf6 21. Nd2 Ke7 22. N2e4 Bc7 23. Nxc8+ Raxc8 24. Nc5 d6 25. Nxb7 Rf8 26.
c5 dxc5 27. Nxc5 Nd5 28. Rhe1 Nf4 29. Rd7+ Kf6 30. Ba6 Be5 31. Bxc8 Rxc8
32. Ne4+ Kg6 33. Nd6 Rc5 34. Nb7 Rc7 35. Rxc7 Bxc7 36. h4 h5 37. Nc5 Kf6
38. Kc2 Bd6 39. Ne4+ Ke5 40. Nxd6+ Kxd6 41. Kc3 Kd5 42. gxh5 Nxh5 43. b4
axb4+ 44. Kxb4 Nf4 45. Kb5 1-0

[Event "Osijek"]
[Site "Osijek"]
[Date "1992.??.??"]
[Round "6"]
[White "Palac, Mladen"]
[Black "Sale, Srdjan"]
[Result "1/2-1/2"]
[WhiteElo "2500"]
[BlackElo "2370"]

1. e4 c5 2. Nf3 e6 3. d4 cxd4 4. Nxd4 Bc5 5. Nb3 Bb6 6. c4 Ne7 7. Nc3 O-O
8. c5 Bc7 9. Nb5 b6 10. Be3 f5 11. Nxc7 Qxc7 12. Qd6 Qxd6 13. cxd6 Nec6 14.
exf5 Rxf5 15. Bd3 Re5 16. O-O Ba6 17. Rfd1 Bxd3 18. Rxd3 Nb4 19. Rd2 N8c6
20. Bf4 Rd5 21. Rxd5 Nxd5 22. Bg3 Kf7 23. Rc1 e5 24. Nd2 Nf4 25. Bxf4 exf4
26. Ne4 Re8 27. f3 Re5 28. Rc4 Rd5 29. Kf2 h6 30. g3 g5 31. Rc1 Rd3 32. Kg2
Re3 33. Rf1 Ne5 34. h4 Kg6 35. hxg5 hxg5 36. gxf4 gxf4 37. Nc3 Nc4 38. Nd5
Kf5 39. Rh1 Re2+ 40. Kf1 Rxb2 41. Rh5+ Ke6 42. Nxf4+ Kxd6 43. Rh6+ Kc7 44.
Nd5+ Kb7 45. a4 Rd2 46. Nf6 d5 47. Rh7+ Ka6 48. Ke1 Rd3 49. Ke2 Rd2+ 50.
Ke1 Ra2 51. Nxd5 Rxa4 52. f4 Ra3 53. Ke2 Rg3 54. f5 Rg5 55. Nc7+ Ka5 56. f6
Ne5 57. Ne6 Rf5 58. Rxa7+ Kb4 59. Rb7 Rxf6 60. Rxb6+ Ka5 61. Rd6 1/2-1/2

[Event "Ch team"]
[Site "Greece"]
[Date "1992.??.??"]
[Round "?"]
[White "Kotronias, Vasilios"]
[Black "Haliamanis, Georgios"]
[Result "1-0"]
[WhiteElo "2560"]
[BlackElo "2299"]

1. e4 c5 2. Nf3 e6 3. d4 cxd4 4. Nxd4 Bc5 5. Nb3 Bb6 6. Nc3 Ne7 7. Bf4 O-O
8. Bd6 f5 9. e5 Nbc6 10. Qd2 Rf7 11. O-O-O Ng6 12. f4 a6 13. g3 Ba7 14. Bg2
b5 15. Bxc6 dxc6 16. Bc5 Qxd2+ 17. Rxd2 Bxc5 18. Nxc5 Ne7 19. Rd6 Nd5 20.
Rxc6 Nxc3 21. bxc3 Bb7 22. Nxb7 Rxb7 23. Rd1 Kf7 24. Rdd6 a5 25. Rxe6 Rab8
26. Red6 b4 27. c4 a4 28. Kb2 h6 29. h4 Ra8 30. c5 b3 31. cxb3 axb3 32.
axb3 Rba7 33. Rd7+ Rxd7 34. e6+ Ke7 35. exd7 Kxd7 36. Rg6 Re8 37. b4 1-0

[Event "Beijing op"]
[Site "Beijing"]
[Date "1993.??.??"]
[Round "7"]
[White "Wang Pin"]
[Black "Wu Shaobin"]
[Result "1/2-1/2"]
[WhiteElo "2335"]
[BlackElo "2440"]

1. e4 c5 2. Nf3 e6 3. d4 cxd4 4. Nxd4 Bc5 5. Nb3 Be7 6. Nc3 d6 7. Bf4 a6 8.
Qd2 Nc6 9. Be2 Nf6 10. a4 b6 11. Rd1 Ne5 12. Bg5 Ned7 13. Bf4 e5 14. Bg5
Bb7 15. Qe3 Qc7 16. O-O h6 17. Bxf6 Nxf6 18. Nd2 Bc6 19. Nc4 Rb8 20. Qd3
O-O 21. Ne3 b5 22. axb5 axb5 23. b4 Rfc8 24. Nf5 Bf8 25. Qg3 g6 26. Qh4 Qd8
27. Nxh6+ Bxh6 28. Qxh6 Nxe4 29. Nxe4 Bxe4 30. Bd3 Bxd3 31. Rxd3 Qf8 32.
Qd2 Rc6 33. Rg3 Rbc8 34. c3 Rc4 35. Rd1 Kg7 36. Rh3 Kg8 37. Rg3 Kg7 38. Rh3
Kg8 1/2-1/2

[Event "CRO-ch"]
[Site "Zagreb"]
[Date "1993.??.??"]
[Round "6"]
[White "Bubalovic, Davorin"]
[Black "Sale, Srdjan"]
[Result "0-1"]
[WhiteElo "2285"]
[BlackElo "2365"]

1. e4 c5 2. Nf3 e6 3. d4 cxd4 4. Nxd4 Bc5 5. Nb3 Bb6 6. Nc3 Ne7 7. Be2 O-O
8. Bf4 d5 9. exd5 exd5 10. O-O Nbc6 11. Bf3 Be6 12. Qd2 a5 13. Na4 Ba7 14.
Be2 d4 15. Nbc5 Bc8 16. b3 Nd5 17. Bg3 Kh8 18. Nd3 f5 19. Nf4 Nf6 20. Nd3
Ne4 21. Qc1 Be6 22. Nab2 Rc8 23. Re1 Qf6 24. Bf3 Ng5 25. Bxc6 Rxc6 26. Be5
Qd8 27. Nf4 Bf7 28. Nbd3 Ne4 29. f3 Nc3 30. Qd2 Kg8 31. Qf2 g5 32. Qg3 Bg6
33. Ne2 f4 34. Qf2 Nb5 35. Rac1 Qd5 36. a4 Bxd3 37. axb5 Rxc2 38. Rxc2 Bxc2
39. Bxd4 Bxd4 40. Qxd4 Qxd4+ 41. Nxd4 Bg6 42. Re7 Rd8 43. Ne2 Re8 44. Rxe8+
Bxe8 45. Nd4 Kf7 46. Kf2 Ke7 47. Ke2 Kd6 48. Kd3 Kc5 49. Kc3 Bd7 50. b6 h6
51. h4 Bc8 52. hxg5 hxg5 53. Ne2 Kxb6 54. Nc1 Kc5 55. Nd3+ Kd5 56. Nf2 Bf5
57. Nh1 Kc5 58. g3 b5 59. gxf4 b4+ 60. Kd2 gxf4 61. Nf2 Kd4 62. Nd1 Be6 63.
Nb2 Bxb3 64. Nd3 Bc4 65. Nxf4 a4 66. Ng2 Bg8 67. Nf4 a3 68. Nd3 b3 0-1

[Event "Budapest FS03 GM"]
[Site "Budapest"]
[Date "1993.03.??"]
[Round "5"]
[White "Leko, Peter"]
[Black "Sale, Srdjan"]
[Result "0-1"]
[WhiteElo "2555"]
[BlackElo "2350"]

1. e4 c5 2. Nf3 e6 3. d4 cxd4 4. Nxd4 Bc5 5. Nb3 Bb6 6. Nc3 Ne7 7. Bf4 d5
8. exd5 exd5 9. Qd2 Nbc6 10. O-O-O O-O 11. Be3 Be6 12. Nb5 Rc8 13. Kb1 Ne5
14. Bxb6 Qxb6 15. Qd4 Bf5 16. Nc3 Qg6 17. Qxe5 Bxc2+ 18. Ka1 Bxd1 19. Nxd1
Qc2 20. Nc3 Qxf2 21. Qe2 Qf6 22. Qd2 Rfd8 23. Bd3 Nc6 24. Rf1 Qd6 25. Bf5
Rb8 26. g3 g6 27. Bh3 d4 28. Ne4 Qe7 29. Nf6+ Kg7 30. Bg2 Rd6 31. Nd5 Qd8
32. Nxd4 Kg8 33. Qf4 f5 34. Nxc6 bxc6 35. Ne3 Rd2 36. Qc4+ Kg7 37. Qc3+ Qd4
38. Qxd4+ Rxd4 39. b3 Re8 40. Nc4 Re2 41. Bxc6 Rxh2 42. Kb1 h5 43. Rc1 Rd3
44. Rc2 Rxc2 45. Kxc2 Rxg3 46. Kd2 h4 47. Ne3 h3 48. Nf1 Rg2+ 49. Ke3 Rxa2
50. Kf3 g5 51. Kg3 Rc2 52. Bd7 Rc3+ 53. Kh2 Kg6 54. Ng3 Rf3 55. Bxf5+ Rxf5
56. Nxf5 Kxf5 57. Kxh3 a5 0-1

[Event "CRO-chT"]
[Site "Makarska"]
[Date "1994.??.??"]
[Round "7"]
[White "Vadla, Zeljko"]
[Black "Sale, Srdjan"]
[Result "1/2-1/2"]
[WhiteElo "2245"]
[BlackElo "2445"]

1. e4 c5 2. Nf3 e6 3. d4 cxd4 4. Nxd4 Bc5 5. Nb3 Bb6 6. c4 Ne7 7. Nc3 O-O
8. Be2 f5 9. O-O Nbc6 10. c5 Bc7 11. exf5 Nxf5 12. g3 b6 13. Ne4 bxc5 14.
Bg5 Qe8 15. Nexc5 a5 16. Bh5 g6 17. Bf3 Qf7 18. Nxe6 dxe6 19. Bxc6 Rb8 20.
Rc1 h6 21. Bd2 Ba6 22. Qg4 h5 23. Qe4 Nd6 24. Qc2 Bxf1 25. Rxf1 Qf5 26. Qc3
Bb6 27. Bf4 Rbd8 28. h4 Nf7 29. Bg2 Rc8 30. Qe1 Rfd8 31. Kh2 Qf6 32. Nd2
Rc2 33. b3 Rxa2 34. Ne4 Qb2 35. Ng5 Bxf2 36. Qe4 Qc2 37. Qb7 Nxg5 38. Bxg5
Rf8 39. Rc1 Qf5 40. Rc7 Bd4 41. Bh6 Rf7 42. Bf4 Rxc7 43. Qb8+ Qf8 44. Qxc7
Qa8 1/2-1/2

[Event "Zadar op"]
[Site "Zadar"]
[Date "1994.??.??"]
[Round "?"]
[White "Stanic, Jadranka"]
[Black "Sale, Srdjan"]
[Result "0-1"]
[WhiteElo "2135"]
[BlackElo "2445"]

1. e4 c5 2. Nf3 e6 3. d4 cxd4 4. Nxd4 Bc5 5. Be3 Qb6 6. Nc3 Nc6 7. Na4 Qa5+
8. c3 Bxd4 9. Bxd4 Nxd4 10. Qxd4 Nf6 11. Be2 e5 12. Qc4 d6 13. Bd1 Be6 14.
Qd3 Rc8 15. Bc2 O-O 16. b3 Bd7 17. b4 Qc7 18. b5 Qa5 19. Rb1 a6 20. bxa6
Bxa4 21. axb7 Bxc2 22. Qxc2 Rxc3 23. Qd2 Nxe4 24. b8=Q Rc1+ 0-1

[Event "Zadar op"]
[Site "Zadar"]
[Date "1994.??.??"]
[Round "?"]
[White "Golubovic, Boris"]
[Black "Sale, Srdjan"]
[Result "1/2-1/2"]
[WhiteElo "2370"]
[BlackElo "2445"]

1. e4 e6 2. d4 c5 3. Nf3 cxd4 4. Nxd4 Bc5 5. Nb3 Bb6 6. Bd3 Ne7 7. Qe2 O-O
8. Be3 f5 9. Nc3 Bxe3 10. Qxe3 fxe4 11. Nxe4 Nf5 12. Qe2 d5 13. Ng3 e5 14.
Bxf5 Bxf5 15. O-O Nc6 16. Rad1 Bg6 17. Qb5 d4 18. c3 Qb6 19. Qxb6 axb6 20.
cxd4 Rxa2 21. d5 Nb4 22. Rd2 Bc2 23. Na1 Bd3 24. Re1 Rd8 25. Nb3 Rxd5 26.
Nc1 Ra1 27. Rxd3 Rxc1 28. Rxc1 Nxd3 29. Rc8+ Kf7 30. Rc7+ Kf8 31. Rxb7 Nxb2
32. h4 Nc4 33. Nh5 g6 34. Nf6 Rd1+ 35. Kh2 h5 36. Kg3 Rd3+ 37. f3 Rb3 38.
Rd7 Ne3 39. Nh7+ Ke8 40. Nf6+ Kf8 41. Nh7+ Ke8 42. Nf6+ 1/2-1/2

[Event "Sarospatak op"]
[Site "Sarospatak"]
[Date "1994.??.??"]
[Round "?"]
[White "Gazi, Mikulas"]
[Black "Vajda, Albert"]
[Result "0-1"]
[WhiteElo "2240"]
[BlackElo "2400"]

1. e4 c5 2. Nf3 e6 3. d4 cxd4 4. Nxd4 Bc5 5. Be3 Qb6 6. b3 Nf6 7. Nc3 O-O
8. Be2 Bb4 9. Qd3 Nxe4 10. Nb5 Qc6 11. Bd4 Nxc3 12. Nxc3 Qxg2 13. O-O-O
Qg5+ 14. Kb1 e5 15. Rhg1 Qf6 16. Nd5 Qe6 17. Qg3 g6 18. Bxe5 Nc6 19. Qh4
Qxe5 20. Nf6+ Kg7 21. Ng4 Qf4 22. Rd3 Be7 23. Qh3 f5 24. Rf3 fxg4 25. Rxg4
Qd2 26. Rxf8 Bxf8 27. Rh4 h6 28. Bd3 Ba3 0-1

[Event "NED-chT 9495"]
[Site "Netherland"]
[Date "1994.??.??"]
[Round "9"]
[White "Den Broeder, Guido"]
[Black "Tolk, Peter"]
[Result "0-1"]
[WhiteElo "2290"]
[BlackElo "2295"]

1. e4 e6 2. d4 c5 3. Nf3 cxd4 4. Nxd4 Bc5 5. Nb3 Bb6 6. Nc3 Ne7 7. Bd3 Nbc6
8. O-O O-O 9. Qh5 f5 10. exf5 Nxf5 11. Bg5 Qe8 12. Qxe8 Rxe8 13. Bxf5 exf5
14. Rfe1 Rxe1+ 15. Rxe1 Kf7 16. Nb5 d5 17. h4 h6 18. Bf4 Be6 19. Nd6+ Kf6
20. Nxb7 d4 21. N7c5 Bxb3 22. Nd7+ Kf7 23. axb3 Nb4 24. Bd6 Nc6 25. Kf1 Bd8
26. g3 Rc8 27. b4 Be7 28. Bxe7 Nxe7 29. Nc5 Nd5 30. Nd3 Rxc2 31. Re5 Ne7
32. Ra5 Rd2 33. Nf4 g5 34. hxg5 hxg5 35. Ne2 Rd1+ 36. Kg2 d3 37. Nc3 Rc1
38. Rxa7 Ke6 39. Kf3 d2 40. Ke2 Rc2 41. Ra2 Nc6 42. Kd1 Nxb4 43. Ne2 Rc1+
44. Kxd2 Rc2+ 45. Kd1 Rxe2 46. Ra4 Rxb2 47. f3 Nc6 48. Ra6 Kd5 49. Ra8 Nd4
50. Rd8+ Kc4 51. g4 f4 52. Kc1 Rf2 0-1

[Event "Pula PCA op"]
[Site "Pula"]
[Date "1994.10.??"]
[Round "?"]
[White "Kinez, Ivo"]
[Black "Sale, Srdjan"]
[Result "1/2-1/2"]
[WhiteElo "2135"]
[BlackElo "2445"]

1. e4 c5 2. Nf3 e6 3. d4 cxd4 4. Nxd4 Bc5 5. Nb3 Bb6 6. Nc3 Ne7 7. Be2 O-O
8. O-O f5 9. Bg5 Nbc6 10. exf5 Rxf5 11. Qd2 h6 12. Bh4 Qf8 13. Bg4 Rf4 14.
h3 d5 15. Bg3 Rf6 16. Na4 Bd8 17. Nac5 Nf5 18. Bxf5 Rxf5 19. Rae1 Qf7 20.
f4 Bb6 21. c3 Na5 22. Nxa5 Bxc5+ 23. Bf2 Bd6 24. Be3 b6 25. Nc6 Ba6 26. Nd4
Bxf1 27. Nxf5 Qxf5 28. Rxf1 Rf8 29. a3 g5 30. g4 Qe4 31. f5 exf5 32. Rxf5
Rxf5 33. gxf5 Qxe3+ 34. Qxe3 Bc5 35. Kf2 Kf7 36. b4 Bxe3+ 37. Kxe3 Kf6 38.
Kd4 h5 39. Kxd5 g4 40. hxg4 hxg4 41. Ke4 g3 42. Kf3 Kxf5 43. c4 Ke5 44.
Kxg3 Kd4 45. c5 bxc5 46. bxc5 Kxc5 47. Kf3 Kc4 48. Ke4 a5 49. a4 Kc3 50.
Ke3 1/2-1/2